Creative intelligence : Discovering the innovative potential in ourselves and others

Bibliographic Details
Main Author: Rowe, Alan J
Format: Book
Published: New Jersey : Pearson education , 2004.
Subjects:

MARC

LEADER 00000cam a2200000 7i4500
001 0000015831
005 20050921.0
020 |a 0131453572 
040 |a INS 
090 0 0 |a BF408   |b R725 2004 
100 1 |a Rowe, Alan J 
245 1 0 |a Creative intelligence :   |b Discovering the innovative potential in ourselves and others   |c Alan J Rowe 
260 |a New Jersey :   |b Pearson education ,   |c 2004. 
300 |a xiv :   |b 173 p ;   |c 24cm. 
650 0 0 |a Creative ability 
999 |a 0000015823   |b BOOK   |c Open Shelf   |e Default branch